[Event "GER Pfingstopen U25"]
[Site "Playchess.com INT"]
[Date "2020.06.02"]
[Round "4"]
[White "Kolb, Tobias"]
[Black "Hoffmann, Fabian"]
[Result "0-1"]
[WhiteElo "1642"]
[BlackElo "2469"]
[PlyCount "72"]
[EventDate "2020.06.02"]
[EventType "swiss (blitz)"]
[EventRounds "11"]
[EventCountry "GER"]
[SourceTitle "CBM 197 Extra"]
[Source "ChessBase"]
[SourceDate "2020.09.30"]
[SourceVersion "1"]
[SourceVersionDate "2020.09.30"]
[SourceQuality "1"]

1. e4 e6 2. d4 d5 3. exd5 exd5 4. Qf3 Nf6 5. h3 Bd6 6. Bd3 0-0 7. Ne2 Re8 8. Bg5 Nbd7 9. 0-0 h6 10. Bf4 Nf8 11. Nd2 c6 12. Rae1 Ne6 13. Bxd6 Qxd6 14. c3 Ng5 15. Qg3 Qe7 16. Nf3 Nfe4 17. Bxe4 Nxe4 18. Qf4 g5 19. Qe3 f5 20. Ne5 f4 21. Qd3 Bf5 22. f3 Ng3 23. Qd2 Nxf1 24. Rxf1 a5 25. Nc1 Qe6 26. Ncd3 b6 27. Re1 Qf6 28. Kf2 Bxd3 29. Qxd3 a4 30. a3 Kg7 31. Qc2 Re6 32. Qd3 h5 33. Qc2 Rae8 34. Qxa4 g4 35. hxg4 Qh4+ 36. Ke2 Rxe5+ 0-1

[Event "Muensterland Verbandsklasse 1718"]
[Site "Germany"]
[Date "2018.03.10"]
[Round "7.8"]
[White "Hoffmann, Fabian"]
[Black "Kerkhoff, Werner"]
[Result "1-0"]
[WhiteElo "1872"]
[BlackElo "1539"]
[PlyCount "57"]
[EventDate "2017.09.16"]
[EventType "team-tourn"]
[EventRounds "9"]
[EventCountry "GER"]
[SourceTitle "EXT 2019"]
[Source "ChessBase"]
[SourceDate "2018.10.10"]
[SourceVersion "1"]
[SourceVersionDate "2018.10.10"]
[SourceQuality "1"]
[WhiteTeam "Raesfeld Erle II"]
[BlackTeam "Muenster Indische Dame"]
[WhiteTeamCountry "GER"]
[BlackTeamCountry "GER"]

1. e4 e6 2. d4 d5 3. Nd2 Nf6 4. e5 Nfd7 5. Bd3 Be7 6. f4 c5 7. c3 Nc6 8. Ne2 cxd4 9. cxd4 Qb6 10. Nf3 Bb4+ 11. Bd2 Bxd2+ 12. Qxd2 Qa5 13. Nc3 a6 14. 0-0 b5 15. f5 Nf8 16. Ng5 Ra7 17. Qf4 h6 18. Qh4 Qd8 19. f6 g6 20. Bxb5 axb5 21. Nxb5 Rd7 22. Nxe6 Nxe6 23. Nd6+ Rxd6 24. exd6 Qxd6 25. Rac1 Kd7 26. Rfd1 Qf4 27. Qh3 Ba6 28. Qa3 Ncxd4 29. Qe7# 1-0

[Event "Karl Mala Memorial op-A 17th"]
[Site "Frankfurt"]
[Date "2014.08.02"]
[Round "4"]
[White "Hoffmann, Fabian"]
[Black "Cichy, Michael"]
[Result "1/2-1/2"]
[WhiteElo "1720"]
[BlackElo "1965"]
[PlyCount "33"]
[EventDate "2014.07.31"]
[EventType "swiss"]
[EventRounds "7"]
[EventCountry "GER"]
[SourceTitle "EXT 2015"]
[Source "ChessBase"]
[SourceDate "2014.11.20"]
[SourceVersion "1"]
[SourceVersionDate "2014.11.20"]
[SourceQuality "1"]

1. e4 c5 2. Nf3 e6 3. d4 cxd4 4. Nxd4 Nc6 5. Be3 Qc7 6. Qd2 a6 7. Be2 Nf6 8. f3 d5 9. Nxc6 bxc6 10. exd5 cxd5 11. 0-0 Bd6 12. g3 Bb7 13. Nc3 Bxg3 14. hxg3 Qxg3+ 15. Kh1 Qh3+ 16. Kg1 Qg3+ 17. Kh1 1/2-1/2

[Event "GER-ch U12"]
[Site "Oberhof"]
[Date "2013.05.21"]
[Round "5"]
[White "Wong, Gengchun"]
[Black "Hoffmann, Fabian"]
[Result "0-1"]
[WhiteElo "1654"]
[BlackElo "1650"]
[PlyCount "62"]
[EventDate "2013.05.19"]
[EventType "swiss"]
[EventRounds "11"]
[EventCountry "GER"]
[SourceTitle "CBM 154 Extra"]
[Source "ChessBase"]
[SourceDate "2013.06.25"]
[SourceVersion "2"]
[SourceVersionDate "2013.06.25"]
[SourceQuality "1"]

1. e4 e5 2. Nf3 Nc6 3. Bb5 f5 4. exf5 e4 5. Qe2 Qe7 6. Bxc6 dxc6 7. Nd4 Nh6 8. Qh5+ Qf7 9. Qxf7+ Kxf7 10. Nc3 Nxf5 11. Nb3 Nh4 12. 0-0 Bf5 13. Re1 Re8 14. a3 Bd6 15. Na5 Re6 16. Ne2 Nf3+ 17. gxf3 exf3 18. d3 fxe2 19. Nc4 Rg6+ 20. Kh1 Bg4 21. Nxd6+ cxd6 22. Kg2 Bh5+ 23. Kh3 Bf3 24. Bf4 Bg2+ 25. Kh4 Re8 26. Rg1 Kf6 27. Rae1 Kf5 28. Be3 Rg4+ 29. Kh5 g6+ 30. Kh6 Re7 31. Bg5 Rxg5 0-1

[Event "GER-ch U12"]
[Site "Oberhof"]
[Date "2013.05.20"]
[Round "4"]
[White "Hoffmann, Fabian"]
[Black "Weber, Samuel"]
[Result "1-0"]
[WhiteElo "1650"]
[BlackElo "1703"]
[PlyCount "51"]
[EventDate "2013.05.19"]
[EventType "swiss"]
[EventRounds "11"]
[EventCountry "GER"]
[SourceTitle "CBM 154 Extra"]
[Source "ChessBase"]
[SourceDate "2013.06.25"]
[SourceVersion "2"]
[SourceVersionDate "2013.06.25"]
[SourceQuality "1"]

1. e4 d5 2. exd5 Qxd5 3. Nc3 Qa5 4. d4 Nf6 5. Bd2 c6 6. Nf3 Bf5 7. g3 Nbd7 8. Bg2 e6 9. 0-0 Be7 10. Re1 h6 11. Ne5 Qc7 12. Nc4 Nd5 13. Nxd5 cxd5 14. Ne3 Be4 15. Bxe4 dxe4 16. c4 f5 17. Qh5+ Kf8 18. d5 Ne5 19. Red1 Nf3+ 20. Kh1 Bg5 21. dxe6 Kg8 22. Nd5 Qxc4 23. Qf7+ Kh7 24. Qxf5+ Kg8 25. Bxg5 hxg5 26. Ne7# 1-0

[Event "GER-chT U14"]
[Site "Magdeburg"]
[Date "2012.12.29"]
[Round "6.3"]
[White "Hoffmann, Fabian"]
[Black "Schulte, Felix"]
[Result "1/2-1/2"]
[WhiteElo "1633"]
[BlackElo "1630"]
[PlyCount "52"]
[EventDate "2012.12.27"]
[EventType "team-swiss"]
[EventRounds "7"]
[EventCountry "GER"]
[SourceTitle "EXT 2014"]
[Source "ChessBase"]
[SourceDate "2013.11.20"]
[SourceVersion "1"]
[SourceVersionDate "2013.11.20"]
[SourceQuality "1"]
[WhiteTeam "Raesfeld Erle"]
[BlackTeam "Halle Volksbank"]
[WhiteTeamCountry "GER"]
[BlackTeamCountry "GER"]

1. e4 c5 2. c3 d5 3. exd5 Qxd5 4. d4 Nf6 5. Nf3 Bg4 6. Be2 e6 7. 0-0 Nc6 8. Be3 cxd4 9. Nxd4 Bxe2 10. Qxe2 Nxd4 11. Bxd4 Be7 12. Nd2 0-0 13. Nc4 Qe4 14. Qxe4 Nxe4 15. Rfe1 Nf6 16. Rad1 Rac8 17. b3 b6 18. Re3 Nd5 19. Rg3 Bf6 20. Bxf6 Nxf6 21. Kf1 Ne4 22. Re3 Nf6 23. Red3 Nd5 24. Rg3 Rfd8 25. Ke1 Nf4 26. Rf3 Nd5 1/2-1/2